LEADER 02179nam0 22004453i 450 001 VAN00283853 005 20251117092547.442 017 70$2N$a9789819967223 100 $a20241210f2023 |0itac50 ba 101 $aeng 102 $aSG 105 $a|||| ||||| 181 $ai$b e 182 $ab 183 $acr 200 1 $aAdvanced Methods of Joint Inversion and Fusion of Multiphysics Data$fMichael S. Zhdanov 210 $aSingapore$cSpringer$d2023 215 $aXVI, 369 p.$cill.$d24 cm 410 1$1001VAN00238155$12001 $aAdvances in Geological Science$1210 $aSingapore$cSpringer$d2018- 620 $aSG$dSingapore$3VANL000061 676 $a624.151$cIngegneria strutturale e tecnica delle costruzioni sotterranee - Tecnica delle fondazioni. Ingegneria geotecnica$v22 676 $a550$cScienze della terra e geologia - Geofisica$v22 676 $a526$cCartografia - Geodesia$v22 700 1$aZhdanov$bMichael S.$3VANV237508$053600 712 $aSpringer $3VANV108073$4650 790 1$aZhdanov, Mikhail Semenovich$zZhdanov, Michael S.$3VANV237512 790 1$a?danov, Mihail Semenovi?$zZhdanov, Michael S.$3VANV237513 790 1$a?danov, M. S.$zZhdanov, Michael S.$3VANV237514 790 1$a?danov, M.S.$zZhdanov, Michael S.$3VANV237515 790 1$aZhdanov, M. S.$zZhdanov, Michael S.$3VANV237509 790 1$aZhdanov, M.S.$zZhdanov, Michael S.$3VANV237510 790 1$aZhdanov, Michael Semenovich$zZhdanov, Michael S.$3VANV237511 801 $aIT$bSOL$c20251121$gRICA 856 4 $uhttps://link.springer.com/book/10.1007/978-981-99-6722-3$zE-book - Accesso al full-text attraverso riconoscimento IP di Ateneo, proxy e/o Shibboleth 899 $aBIBLIOTECA DEL DIPARTIMENTO DI SCIENZE E TECNOLOGIE AMBIENTALI BIOLOGICHE E FARMACEUTICHE$1IT-CE0101$2VAN17 912 $fN 912 $aVAN00283853 950 $aBIBLIOTECA DEL DIPARTIMENTO DI SCIENZE E TECNOLOGIE AMBIENTALI BIOLOGICHE E FARMACEUTICHE$d17CONS e-book 2310 $e17BIB2310/544 544 20241210 996 $aAdvanced Methods of Joint Inversion and Fusion of Multiphysics Data$93871197 997 $aUNICAMPANIA